000 00710nam a2200229Ia 4500
003 OSt
005 20250215102402.0
008 210716s2015 xx 000 0 und d
020 _a9789351103806
040 _cAIMIT LIBRARY
041 _aeng
082 _a006.671
_21
_bBURB
100 _aBurke, Bill.
_9199939
245 _aRestful java with JAX-RS 2.0 /
_cBy Bill Burke.
250 _a2nd ed.
260 _aNew Delhi :
_bShroff Publishers and Distributors Pvt Ltd ,
_c2015.
300 _axxi,367p. ;
_bPB
_c23.5 cm
650 _aDesigning restful services
_9199940
650 _aFilters and interceptors
_9199941
650 _aDeployment and integration
_9199942
942 _2ddc
_cBK
_e1st
_k006.671 BURB
999 _c195260
_d195260